| 000 | 00708nam a2200229 i 4500 | ||
|---|---|---|---|
| 001 | 12474 | ||
| 003 | ES-MaACL | ||
| 005 | 20230906150323.0 | ||
| 008 | 000000s1982 sp |||| | spa d | ||
| 020 | _a84-00-05185-8 | ||
| 080 | _a34(460.16)"19" | ||
| 245 | 0 | 0 | _aAmejoramiento del Fuero: 1841-1982. |
| 260 |
_aPamplona : _bDiputación Foral de Navarra, _c1982. |
||
| 300 |
_a138 p. ; _c17 cm. |
||
| 490 | 1 |
_aColección jurídica ; _v1 |
|
| 500 | _aÍndice. | ||
| 650 | 0 | 0 |
_aFueros- _zNavarra (Comunidad Autónoma) _912993 |
| 710 | 1 |
_aNavarra (Comunidad Autónoma). _bDiputación Foral. _95984 |
|
| 830 | 0 |
_aColección jurídica ; _v1 _9184258 |
|
| 852 |
_aES-MaACL _jL-19672 |
||
| 999 |
_c12474 _d12474 |
||